| 000 | 00869nam a2200229 a 4500 | ||
|---|---|---|---|
| 001 | 000022081 | ||
| 005 | 20200930011556.0 | ||
| 008 | 100916s1969 mx a 000 0 spa d | ||
| 040 |
_aDO-SdBNP _bspa _cBNPHU |
||
| 082 |
_a927.73 _bL412f |
||
| 100 | 1 |
_aLavine, Sigmuno A. _945744 |
|
| 240 | 1 | 0 |
_aFamous american architects _lEspañol |
| 245 | 1 | 0 |
_aFamosos arquitectos norteamericanos / _cSigmuno A. Lavine ; versión española Francisco Gómez Palacio. |
| 260 |
_aMéxico, D. F. : _bEditorial Limusa-Wiley, _c1969. |
||
| 300 |
_a179 p. : _bil. ; _c19 cm. |
||
| 534 |
_aTítulo de la obra en inglés : _tFamous american architects |
||
| 650 | 4 |
_aArquitectos estadounidenses _945745 |
|
| 650 | 4 |
_aArquitectos estadounidenses _ySIGLO XX _xBiografías _945746 |
|
| 650 | 4 |
_aArquitectura estadounidense _945747 |
|
| 700 | 1 |
_aGómez Palacio, Francisco, _941542 |
|
| 049 | _aBNGR | ||
| 999 |
_c21579 _d21579 |
||